| 000 | 00887nam a22002777a 4500 | ||
|---|---|---|---|
| 005 | 20170124110241.0 | ||
| 010 | _aA-216153 | ||
| 020 |
_c00.00 _a0907408095 |
||
| 035 | _aA-216153 | ||
| 037 | _bCen Lib/Ret | ||
| 040 |
_aDPL _bEN |
||
| 082 |
_a635 _bHAY |
||
| 100 |
_aHay, Roy _995092 |
||
| 245 |
_aThe dictionary of indoor plants in colour / _cby Roy Hay, F.R. McQuown G. [and] K. Beckett ; illustrated by Harry Smith |
||
| 260 |
_bLondon _aPeerage Books _c1983 |
||
| 270 |
_bLondon _a59 Grosvenor Street |
||
| 300 |
_a224p. _c30cm(Hb) _bill. |
||
| 500 | _ainlcludes index | ||
| 650 |
_aHouse plants -- Dictionaries. _995093 |
||
| 650 |
_aHouse plants -- Pictorial works. _995094 |
||
| 700 |
_aG, F.R. mcQuwn _995095 |
||
| 700 |
_aBeckeet, K. _995096 |
||
| 700 |
_aCrowson, Ernest _995097 |
||
| 700 |
_aSmith, Harry _995098 |
||
| 942 |
_2ddc _cEN _h635 _mHAY |
||
| 999 |
_c135201 _d135201 |
||